[Event "European Youth Chess Championship B16"]
[Site "Prague, Top Hotel Prague"]
[Date "2012.08.21"]
[Round "5.2"]
[White "Sanzhaev, Darsen"]
[Black "Meng, Roger"]
[Result "1-0"]
[WhiteElo "2335"]
[BlackElo "2291"]
[PlyCount "0"]
[EventDate "2012.08.17"]

1. Nf3 {[%clk 1:30:58]} Nf6 {[%clk 1:30:03]} 2. c4 {[%clk 1:31:20]} c5
{[%clk 1:29:27]} 3. Nc3 {[%clk 1:31:45]} g6 {[%clk 1:28:38]} 4. d4
{[%clk 1:20:25]} cxd4 {[%clk 1:29:03]} 5. Nxd4 {[%clk 1:20:52]} Nc6
{[%clk 1:28:43]} 6. e4 {[%clk 1:20:33]} Bg7 {[%clk 1:28:46]} 7. Be3
{[%clk 1:20:44]} O-O {[%clk 1:27:59]} 8. Be2 {[%clk 1:20:11]} d6 {[%clk 1:24:43]}
9. O-O {[%clk 1:20:04]} Nxd4 {[%clk 1:23:34]} 10. Bxd4 {[%clk 1:20:28]} Be6
{[%clk 1:24:01]} 11. f3 {[%clk 1:14:20]} Qa5 {[%clk 1:23:26]} 12. Rc1
{[%clk 1:13:58]} Rfc8 {[%clk 1:23:17]} 13. b3 {[%clk 1:14:08]} a6
{[%clk 1:17:09]} 14. Na4 {[%clk 1:12:16]} Nd7 {[%clk 1:14:18]} 15. Bxg7
{[%clk 1:10:03]} Kxg7 {[%clk 1:13:12]} 16. Nc3 {[%clk 1:09:06]} f6
{[%clk 1:08:19]} 17. f4 {[%clk 1:03:59]} Rc7 {[%clk 0:54:45]} 18. Bg4
{[%clk 1:00:20]} Bf7 {[%clk 0:48:39]} 19. Qe2 f5 {[%clk 0:29:18]} 20. Bf3
{[%clk 0:51:30]} Nf6 {[%clk 0:26:17]} 21. Kh1 {[%clk 0:51:12]} e6
{[%clk 0:21:10]} 22. Rfd1 {[%clk 0:48:03]} Qb4 {[%clk 0:19:50]} 23. e5
{[%clk 0:44:22]} dxe5 24. Qxe5 {[%clk 0:44:48]} Rac8 {[%clk 0:19:37]} 25. Na4
{[%clk 0:43:39]} Be8 {[%clk 0:15:23]} 26. Nb2 {[%clk 0:35:45]} Qe7
{[%clk 0:14:24]} 27. Rd6 {[%clk 0:33:46]} Bf7 {[%clk 0:14:43]} 28. Na4
{[%clk 0:29:35]} Kg8 {[%clk 0:13:02]} 29. Nb6 {[%clk 0:28:33]} Rd8
{[%clk 0:10:45]} 30. Rcd1 {[%clk 0:24:24]} Rxd6 {[%clk 0:11:02]} 31. Rxd6
{[%clk 0:24:40]} h6 {[%clk 0:09:55]} 32. h3 {[%clk 0:22:03]} Ne8 {[%clk 0:07:20]}
33. Rd1 {[%clk 0:22:12]} Qb4 {[%clk 0:06:10]} 34. Qd4 {[%clk 0:19:28]} g5
{[%clk 0:05:13]} 35. Nd7 {[%clk 0:19:17]} Qe7 {[%clk 0:04:59]} 36. Ne5
{[%clk 0:18:51]} Nf6 {[%clk 0:03:55]} 37. Qd2 {[%clk 0:14:02]} Nh7
{[%clk 0:02:55]} 38. Qd8+ {[%clk 0:13:38]} Kg7 {[%clk 0:02:23]} 39. Qxe7
{[%clk 0:11:08]} Rxe7 {[%clk 0:02:52]} 40. c5 {[%clk 0:40:20]} gxf4
{[%clk 0:32:39]} 41. Rd7 {[%clk 0:18:11]} Rxd7 {[%clk 0:25:32]} 42. Nxd7
{[%clk 0:18:36]} Nf6 {[%clk 0:24:48]} 43. Nxf6 {[%clk 0:19:01]} Kxf6
{[%clk 0:25:17]} 44. Bxb7 {[%clk 0:19:30]} Ke7 {[%clk 0:23:48]} 45. Bxa6
{[%clk 0:19:46]} e5 {[%clk 0:23:29]} 46. Bc8 {[%clk 0:19:03]} Bd5
{[%clk 0:22:39]} 47. Bxf5 {[%clk 0:19:17]} Kd8 {[%clk 0:21:48]} 48. Bc2
{[%clk 0:18:27]} e4 {[%clk 0:20:34]} 49. Kg1 {[%clk 0:18:43]} Kc7
{[%clk 0:19:41]} 50. a4 {[%clk 0:19:03]} e3 {[%clk 0:19:48]} 51. b4
{[%clk 0:18:56]} e2 {[%clk 0:19:47]} 52. Kf2 {[%clk 0:19:21]} Bxg2
{[%clk 0:20:13]} 53. Kxe2 {[%clk 0:19:21]} Bxh3 {[%clk 0:20:41]} 54. Kf3
{[%clk 0:19:49]} Kc6 {[%clk 0:19:48]} 55. Be4+ {[%clk 0:20:03]} 1-0

[Event "European Youth Chess Championship B16"]
[Site "Prague, Top Hotel Prague"]
[Date "2012.08.21"]
[Round "5.3"]
[White "Melzer, Patrik"]
[Black "Menezes, Christoph"]
[Result "1/2-1/2"]
[WhiteElo "2108"]
[BlackElo "2279"]
[PlyCount "0"]
[EventDate "2012.08.17"]

1. Nf3 {[%clk 1:30:57]} Nf6 {[%clk 1:30:48]} 2. c4 {[%clk 1:31:19]} g6
{[%clk 1:31:07]} 3. Nc3 {[%clk 1:31:41]} Bg7 {[%clk 1:31:27]} 4. e4
{[%clk 1:32:07]} d6 {[%clk 1:31:44]} 5. d4 {[%clk 1:32:29]} O-O {[%clk 1:31:47]}
6. Be2 {[%clk 1:32:53]} e5 {[%clk 1:31:57]} 7. dxe5 {[%clk 1:33:14]} dxe5
{[%clk 1:32:18]} 8. Qxd8 {[%clk 1:33:42]} Rxd8 {[%clk 1:32:35]} 9. Bg5
{[%clk 1:34:07]} Re8 {[%clk 1:32:28]} 10. Nd5 {[%clk 1:33:57]} Nxd5
{[%clk 1:30:59]} 11. cxd5 {[%clk 1:34:25]} c6 {[%clk 1:30:00]} 12. Bc4
{[%clk 1:34:51]} cxd5 {[%clk 1:15:25]} 13. Bxd5 {[%clk 1:34:52]} Nd7
{[%clk 1:14:34]} 14. Nd2 {[%clk 1:11:32]} Nb6 {[%clk 1:09:11]} 15. Bb3
{[%clk 1:04:04]} Be6 {[%clk 1:04:12]} 16. Bxe6 {[%clk 0:43:24]} Rxe6
{[%clk 1:03:59]} 17. Rc1 {[%clk 0:43:31]} Rc8 {[%clk 0:59:57]} 18. Rxc8+
{[%clk 0:40:01]} Nxc8 {[%clk 1:00:21]} 19. Ke2 {[%clk 0:32:59]} Rc6
{[%clk 0:55:08]} 20. Rd1 {[%clk 0:20:57]} f6 {[%clk 0:35:33]} 21. Be3
{[%clk 0:21:13]} b6 {[%clk 0:35:24]} 22. Nb1 {[%clk 0:16:54]} Nd6
{[%clk 0:33:45]} 23. Nc3 {[%clk 0:16:35]} Kf7 {[%clk 0:33:20]} 24. a4
{[%clk 0:10:00]} Ke6 {[%clk 0:31:28]} 25. Nb5 {[%clk 0:06:58]} Nxb5
{[%clk 0:19:12]} 26. axb5 {[%clk 0:07:27]} Rc2+ {[%clk 0:19:26]} 27. Rd2
{[%clk 0:05:44]} Rxd2+ {[%clk 0:18:48]} 28. Kxd2 {[%clk 0:05:45]} Bf8
{[%clk 0:19:01]} 29. Kc3 {[%clk 0:05:23]} Bg7 {[%clk 0:18:10]} 30. Kc4
{[%clk 0:05:24]} f5 {[%clk 0:16:33]} 31. f3 {[%clk 0:05:01]} fxe4
{[%clk 0:14:36]} 32. fxe4 {[%clk 0:05:30]} Bf6 {[%clk 0:13:52]} 33. Bd2
{[%clk 0:02:51]} Be7 {[%clk 0:13:33]} 34. Be3 {[%clk 0:03:04]} Bf6
{[%clk 0:13:04]} 35. Bc1 {[%clk 0:03:06]} Be7 {[%clk 0:13:16]} 36. Be3
{[%clk 0:03:32]} Bf6 {[%clk 0:13:40]} 37. Bd2 {[%clk 0:02:54]} Be7
{[%clk 0:14:04]} 38. Be3 {[%clk 0:03:23]} Bf6 {[%clk 0:14:25]} 39. Bd2
{[%clk 0:01:13]} Be7 {[%clk 0:14:22]} 40. Be3 {[%clk 0:31:34]} Bf6 1/2-1/2

[Event "European Youth Chess Championship B16"]
[Site "Prague, Top Hotel Prague"]
[Date "2012.08.21"]
[Round "5.4"]
[White "Kobo, Ori"]
[Black "Santos Latasa, Jaime"]
[Result "1-0"]
[WhiteElo "2249"]
[BlackElo "2403"]
[PlyCount "0"]
[EventDate "2012.08.17"]

1. d4 {[%clk 1:30:55]} Nf6 {[%clk 1:30:50]} 2. c4 {[%clk 1:31:21]} e6
{[%clk 1:31:09]} 3. g3 {[%clk 1:31:46]} c5 {[%clk 1:31:31]} 4. d5
{[%clk 1:32:02]} exd5 {[%clk 1:31:54]} 5. cxd5 {[%clk 1:32:29]} d6
{[%clk 1:32:19]} 6. Nc3 {[%clk 1:32:44]} g6 {[%clk 1:32:43]} 7. Bg2
{[%clk 1:33:09]} Bg7 {[%clk 1:33:09]} 8. Nf3 {[%clk 1:33:26]} O-O
{[%clk 1:33:34]} 9. O-O {[%clk 1:33:51]} Re8 {[%clk 1:34:00]} 10. Bf4
{[%clk 1:34:12]} Na6 {[%clk 1:34:13]} 11. Re1 {[%clk 1:21:46]} Ne4
{[%clk 1:33:16]} 12. Nxe4 {[%clk 1:19:43]} Rxe4 {[%clk 1:33:38]} 13. Nd2
{[%clk 1:17:47]} Rxf4 {[%clk 1:33:46]} 14. gxf4 {[%clk 1:18:06]} Bxb2
{[%clk 1:34:10]} 15. Rb1 {[%clk 1:17:37]} Bg7 {[%clk 1:34:33]} 16. e4
{[%clk 1:16:47]} Nb4 {[%clk 1:33:03]} 17. Rb3 {[%clk 0:58:03]} Rb8
{[%clk 1:25:50]} 18. a3 {[%clk 0:57:30]} Na6 {[%clk 1:26:13]} 19. e5
{[%clk 0:55:32]} b5 {[%clk 1:18:18]} 20. e6 {[%clk 0:45:10]} Rb7 {[%clk 1:17:25]}
21. a4 {[%clk 0:38:03]} b4 {[%clk 1:15:07]} 22. Rbe3 {[%clk 0:24:16]} Bf8
{[%clk 1:14:03]} 23. f5 {[%clk 0:22:05]} Qf6 {[%clk 1:11:01]} 24. Qe2
{[%clk 0:21:39]} Re7 {[%clk 1:10:58]} 25. Ne4 {[%clk 0:21:47]} 1-0

[Event "European Youth Chess Championship B16"]
[Site "Prague, Top Hotel Prague"]
[Date "2012.08.21"]
[Round "5.5"]
[White "Laurusas, Tomas"]
[Black "Stathopoulos, Ioannis"]
[Result "1/2-1/2"]
[WhiteElo "2402"]
[BlackElo "2216"]
[PlyCount "0"]
[EventDate "2012.08.17"]

1. d4 {[%clk 1:30:58]} Nf6 {[%clk 1:30:48]} 2. c4 {[%clk 1:31:24]} g6
{[%clk 1:30:59]} 3. Nc3 {[%clk 1:31:45]} Bg7 {[%clk 1:31:21]} 4. e4
{[%clk 1:32:07]} d6 {[%clk 1:31:46]} 5. f3 {[%clk 1:32:28]} O-O {[%clk 1:32:08]}
6. Be3 {[%clk 1:32:52]} c5 {[%clk 1:32:32]} 7. Nge2 {[%clk 1:27:21]} Nc6
{[%clk 1:32:04]} 8. Qd2 {[%clk 1:25:42]} Qa5 {[%clk 1:32:07]} 9. d5
{[%clk 1:17:20]} Ne5 {[%clk 1:32:19]} 10. Ng3 {[%clk 1:17:07]} h5
{[%clk 1:28:03]} 11. Be2 {[%clk 1:09:17]} h4 {[%clk 1:21:21]} 12. Nf1
{[%clk 1:09:19]} e6 {[%clk 1:21:42]} 13. h3 {[%clk 0:33:56]} exd5
{[%clk 0:45:40]} 14. cxd5 c4 15. a4 {[%clk 0:27:43]} a6 {[%clk 0:44:09]} 16. Nd1
{[%clk 0:24:44]} Qc7 {[%clk 0:30:18]} 17. a5 {[%clk 0:24:58]} Nfd7
{[%clk 0:30:01]} 18. Rc1 Nc5 {[%clk 0:29:37]} 19. Bxc4 {[%clk 0:25:09]} Ncd3+
{[%clk 0:29:23]} 20. Bxd3 {[%clk 0:24:22]} Qxc1 {[%clk 0:29:44]} 21. Be2
{[%clk 0:21:43]} Qa1 22. Qb4 {[%clk 0:18:39]} Qb1 {[%clk 0:13:27]} 23. Qb3
{[%clk 0:15:40]} Qa1 {[%clk 0:04:17]} 24. Qb4 {[%clk 0:16:04]} Qb1 25. Qxd6
{[%clk 0:14:46]} Nd3+ {[%clk 0:03:50]} 26. Bxd3 {[%clk 0:15:12]} Qxd3
{[%clk 0:04:18]} 27. Nd2 {[%clk 0:12:13]} Re8 28. f4 {[%clk 0:10:40]} Bf5
{[%clk 0:02:18]} 29. Qb6 {[%clk 0:08:32]} Bxe4 {[%clk 0:02:25]} 30. Nf2
{[%clk 0:08:53]} Qxe3+ {[%clk 0:02:25]} 31. Qxe3 {[%clk 0:09:16]} Bxg2
{[%clk 0:02:53]} 32. Nde4 {[%clk 0:09:30]} Bxh1 {[%clk 0:03:11]} 33. Nxh1
{[%clk 0:09:39]} f5 {[%clk 0:03:37]} 34. Nhf2 {[%clk 0:09:51]} Rad8
{[%clk 0:03:29]} 35. Qb6 {[%clk 0:06:16]} fxe4 {[%clk 0:03:47]} 36. Qxg6
{[%clk 0:06:37]} Rf8 {[%clk 0:02:17]} 37. Nxe4 {[%clk 0:04:22]} Rxf4
{[%clk 0:01:59]} 38. Ng5 {[%clk 0:04:49]} Rf6 {[%clk 0:00:58]} 39. Qh7+ Kf8 40.
Ne6+ {[%clk 0:35:25]} Rxe6+ {[%clk 0:31:53]} 41. dxe6 {[%clk 0:35:49]} 1/2-1/2

[Event "European Youth Chess Championship B16"]
[Site "Prague, Top Hotel Prague"]
[Date "2012.08.21"]
[Round "5.6"]
[White "Kessler, Luca"]
[Black "Giroyan, Gary"]
[Result "0-1"]
[WhiteElo "2242"]
[BlackElo "2394"]
[PlyCount "0"]
[EventDate "2012.08.17"]

1. d4 {[%clk 1:30:49]} Nf6 {[%clk 1:30:54]} 2. c4 {[%clk 1:31:04]} e6
{[%clk 1:31:21]} 3. Nf3 {[%clk 1:31:18]} c5 {[%clk 1:31:49]} 4. d5
{[%clk 1:31:28]} exd5 {[%clk 1:32:16]} 5. cxd5 {[%clk 1:31:44]} d6
{[%clk 1:32:43]} 6. Nc3 {[%clk 1:31:54]} g6 {[%clk 1:33:06]} 7. Qa4+
{[%clk 1:31:39]} Nbd7 {[%clk 1:30:01]} 8. Bf4 {[%clk 1:31:21]} a6
{[%clk 1:21:55]} 9. e4 {[%clk 1:30:37]} Rb8 {[%clk 1:15:27]} 10. Bd3
{[%clk 1:29:00]} b5 {[%clk 1:14:48]} 11. Qc2 {[%clk 1:29:05]} Nh5
{[%clk 0:59:38]} 12. Bg5 {[%clk 1:28:59]} Be7 {[%clk 0:57:34]} 13. Bh6
{[%clk 1:27:42]} g5 {[%clk 0:49:16]} 14. g3 {[%clk 1:10:39]} g4 {[%clk 0:47:09]}
15. Nd2 {[%clk 1:09:52]} Ne5 {[%clk 0:40:49]} 16. O-O {[%clk 1:03:02]} Bg5
{[%clk 0:40:46]} 17. Bxg5 {[%clk 1:02:55]} Qxg5 {[%clk 0:41:14]} 18. Kh1
{[%clk 0:51:54]} O-O {[%clk 0:30:30]} 19. f4 {[%clk 0:49:09]} gxf3
{[%clk 0:30:53]} 20. Nxf3 {[%clk 0:49:05]} Qh6 {[%clk 0:25:27]} 21. Nh4
{[%clk 0:35:57]} Bh3 {[%clk 0:21:49]} 22. Rf2 {[%clk 0:24:29]} Kh8
{[%clk 0:13:51]} 23. Bf1 {[%clk 0:23:03]} Bd7 {[%clk 0:10:36]} 24. Qc1
{[%clk 0:16:45]} Qxc1 {[%clk 0:09:32]} 25. Rxc1 {[%clk 0:17:10]} Ng4
{[%clk 0:09:50]} 26. Re2 {[%clk 0:10:56]} Rbe8 {[%clk 0:09:37]} 27. Bg2
{[%clk 0:10:28]} b4 {[%clk 0:09:07]} 28. Nd1 {[%clk 0:07:18]} f5 {[%clk 0:08:27]}
29. Nf2 {[%clk 0:05:18]} f4 {[%clk 0:07:05]} 30. Nxg4 {[%clk 0:03:33]} Bxg4
{[%clk 0:07:34]} 31. Rf2 {[%clk 0:02:23]} fxg3 {[%clk 0:07:57]} 32. Rxf8+
{[%clk 0:02:47]} Rxf8 {[%clk 0:08:25]} 33. e5 {[%clk 0:02:30]} dxe5
{[%clk 0:07:58]} 34. Rxc5 {[%clk 0:02:55]} Rf2 {[%clk 0:06:22]} 35. hxg3
{[%clk 0:02:48]} Rxb2 {[%clk 0:05:02]} 36. Ra5 {[%clk 0:01:29]} e4
{[%clk 0:02:26]} 37. Rxa6 {[%clk 0:01:01]} e3 {[%clk 0:02:38]} 38. Ra8+
{[%clk 0:01:14]} Kg7 {[%clk 0:03:07]} 39. Re8 {[%clk 0:01:23]} Rb1+
{[%clk 0:02:47]} 40. Kh2 {[%clk 0:31:07]} e2 0-1

[Event "European Youth Chess Championship B16"]
[Site "Prague, Top Hotel Prague"]
[Date "2012.08.21"]
[Round "5.7"]
[White "Bortnik, Alexandr"]
[Black "Samdanov, Samdan"]
[Result "1-0"]
[WhiteElo "2365"]
[BlackElo "2207"]
[PlyCount "0"]
[EventDate "2012.08.17"]

1. e4 {[%clk 1:30:48]} c5 {[%clk 1:30:12]} 2. Nf3 {[%clk 1:30:50]} d6
{[%clk 1:30:39]} 3. d4 {[%clk 1:31:04]} cxd4 {[%clk 1:31:02]} 4. Nxd4
{[%clk 1:31:27]} Nf6 {[%clk 1:31:25]} 5. Nc3 {[%clk 1:31:54]} a6 {[%clk 1:31:49]}
6. a4 {[%clk 1:32:04]} Nc6 {[%clk 1:32:14]} 7. Bc4 {[%clk 1:31:48]} Qb6
{[%clk 1:14:12]} 8. Nxc6 {[%clk 1:31:35]} bxc6 {[%clk 1:12:22]} 9. a5
{[%clk 1:27:58]} Qc7 {[%clk 1:11:52]} 10. O-O {[%clk 1:23:13]} e6
{[%clk 1:08:14]} 11. Qe1 {[%clk 1:11:20]} Be7 {[%clk 1:07:09]} 12. Na4
{[%clk 1:10:49]} Bb7 {[%clk 0:59:29]} 13. Nb6 {[%clk 1:10:04]} Ra7
{[%clk 0:47:01]} 14. Bf4 {[%clk 1:03:21]} c5 {[%clk 0:35:09]} 15. e5
{[%clk 1:01:40]} dxe5 {[%clk 0:33:52]} 16. Bxe5 {[%clk 1:01:58]} Qc6
{[%clk 0:34:02]} 17. f3 {[%clk 1:02:22]} O-O {[%clk 0:33:28]} 18. Rd1
{[%clk 1:01:29]} Rd8 {[%clk 0:30:21]} 19. Qg3 {[%clk 0:58:34]} Ne8
{[%clk 0:23:01]} 20. Bxg7 {[%clk 0:57:14]} Nxg7 {[%clk 0:23:27]} 21. Rxd8+
{[%clk 0:57:40]} Bxd8 {[%clk 0:23:53]} 22. Qb8 {[%clk 0:58:07]} Qc7
{[%clk 0:23:43]} 23. Qxa7 {[%clk 0:58:31]} Nf5 {[%clk 0:23:24]} 24. Bxa6
{[%clk 0:55:55]} Qf4 {[%clk 0:21:07]} 25. Qxb7 {[%clk 0:51:07]} Bc7
{[%clk 0:21:20]} 26. Qe4 {[%clk 0:48:59]} Qxh2+ {[%clk 0:20:48]} 27. Kf2
{[%clk 0:49:28]} Bg3+ {[%clk 0:11:41]} 28. Ke2 {[%clk 0:49:52]} Qxg2+
{[%clk 0:11:45]} 29. Kd1 {[%clk 0:50:21]} Nd4 {[%clk 0:11:47]} 30. Bd3
{[%clk 0:49:29]} 1-0

[Event "European Youth Chess Championship B16"]
[Site "Prague, Top Hotel Prague"]
[Date "2012.08.21"]
[Round "5.8"]
[White "Yanchenko, Roman"]
[Black "Dastan, Muhammed Batuhan"]
[Result "1-0"]
[WhiteElo "2230"]
[BlackElo "2317"]
[PlyCount "0"]
[EventDate "2012.08.17"]

1. d4 {[%clk 1:30:59]} d5 {[%clk 1:30:36]} 2. c4 {[%clk 1:31:27]} e6
{[%clk 1:30:49]} 3. Nc3 {[%clk 1:31:49]} c6 {[%clk 1:31:13]} 4. e3
{[%clk 1:25:30]} Nf6 {[%clk 1:29:27]} 5. Bd3 {[%clk 1:25:04]} Nbd7
{[%clk 1:28:23]} 6. Nf3 {[%clk 1:22:49]} dxc4 {[%clk 1:27:41]} 7. Bxc4
{[%clk 1:23:17]} b5 {[%clk 1:28:01]} 8. Bb3 {[%clk 1:22:59]} b4 {[%clk 1:20:29]}
9. Na4 {[%clk 1:21:03]} Ba6 {[%clk 1:09:52]} 10. Bd2 {[%clk 1:15:42]} Bb5
{[%clk 0:39:12]} 11. Rc1 {[%clk 1:14:58]} Qa5 {[%clk 0:39:20]} 12. a3
{[%clk 1:04:09]} Ne4 {[%clk 0:37:58]} 13. axb4 {[%clk 1:04:05]} Bxb4
{[%clk 0:38:15]} 14. Nc3 {[%clk 1:04:22]} Nxd2 {[%clk 0:33:44]} 15. Nxd2
{[%clk 1:04:36]} O-O {[%clk 0:26:51]} 16. Nc4 {[%clk 0:57:31]} Bxc4
{[%clk 0:26:47]} 17. Bxc4 {[%clk 0:57:59]} Nb6 {[%clk 0:23:50]} 18. Bd3
{[%clk 0:57:17]} c5 {[%clk 0:17:53]} 19. O-O {[%clk 0:46:26]} cxd4
{[%clk 0:18:08]} 20. Nb5 {[%clk 0:46:42]} Nd5 {[%clk 0:15:10]} 21. Nxd4
{[%clk 0:46:54]} Bd6 {[%clk 0:14:02]} 22. Be4 {[%clk 0:42:48]} Rae8
{[%clk 0:04:47]} 23. Rc6 {[%clk 0:23:28]} Be7 {[%clk 0:04:02]} 24. Nxe6
{[%clk 0:16:38]} fxe6 {[%clk 0:04:17]} 25. Qh5 {[%clk 0:17:02]} g6
{[%clk 0:04:41]} 26. Bxg6 {[%clk 0:17:27]} hxg6 {[%clk 0:05:06]} 27. Qxg6+
{[%clk 0:17:54]} Kh8 {[%clk 0:05:29]} 28. Qh5+ {[%clk 0:17:28]} Kg8
{[%clk 0:01:51]} 29. Rxe6 {[%clk 0:17:46]} Nf4 {[%clk 0:02:15]} 30. Qxa5
{[%clk 0:17:07]} Nxe6 {[%clk 0:02:44]} 31. Qd5 {[%clk 0:16:39]} Bc5
{[%clk 0:02:31]} 32. Rc1 {[%clk 0:15:37]} Bb6 {[%clk 0:03:00]} 33. g4
{[%clk 0:11:32]} Rf7 {[%clk 0:02:34]} 34. Rc6 {[%clk 0:11:28]} Nf8
{[%clk 0:02:45]} 35. Rf6 {[%clk 0:10:32]} Ree7 {[%clk 0:03:07]} 36. g5
{[%clk 0:10:43]} Rd7 {[%clk 0:03:07]} 37. Qb3 {[%clk 0:10:24]} Kg7
{[%clk 0:03:30]} 38. Rxf7+ {[%clk 0:10:32]} Rxf7 {[%clk 0:03:51]} 39. h4
{[%clk 0:10:42]} Ng6 {[%clk 0:04:06]} 40. h5 {[%clk 0:40:56]} 1-0

[Event "European Youth Chess Championship B16"]
[Site "Prague, Top Hotel Prague"]
[Date "2012.08.21"]
[Round "5.9"]
[White "Lugovskoy, Maxim"]
[Black "Iovcov, Valerii"]
[Result "1-0"]
[WhiteElo "2312"]
[BlackElo "2191"]
[PlyCount "0"]
[EventDate "2012.08.17"]

1. e4 {[%clk 1:30:58]} c5 {[%clk 1:30:57]} 2. c3 {[%clk 1:31:24]} Nf6
{[%clk 1:31:23]} 3. e5 {[%clk 1:31:50]} Nd5 {[%clk 1:31:51]} 4. d4
{[%clk 1:32:15]} cxd4 {[%clk 1:32:17]} 5. Nf3 {[%clk 1:32:08]} e6
{[%clk 1:32:42]} 6. cxd4 {[%clk 1:31:33]} d6 {[%clk 1:33:09]} 7. Nc3
{[%clk 1:29:34]} Nxc3 {[%clk 1:33:35]} 8. bxc3 {[%clk 1:30:00]} Qc7
{[%clk 1:34:02]} 9. Bd2 {[%clk 1:27:02]} Nd7 {[%clk 1:34:22]} 10. exd6
{[%clk 1:23:46]} Bxd6 {[%clk 1:34:48]} 11. Bd3 {[%clk 1:23:52]} b6
{[%clk 1:34:13]} 12. Ng5 {[%clk 1:13:02]} Nf6 {[%clk 1:33:40]} 13. Ne4
{[%clk 1:09:47]} Nxe4 {[%clk 1:27:17]} 14. Bxe4 {[%clk 1:10:07]} Bb7
{[%clk 1:27:13]} 15. Qa4+ {[%clk 1:01:52]} Ke7 {[%clk 1:26:59]} 16. Bxb7
{[%clk 1:01:08]} Qxb7 {[%clk 1:27:24]} 17. O-O {[%clk 1:01:22]} Rhe8
{[%clk 1:01:22]} 18. Qc2 {[%clk 1:00:15]} Qd5 {[%clk 0:59:35]} 19. g3
{[%clk 0:43:35]} Rac8 {[%clk 0:41:29]} 20. Rac1 {[%clk 0:39:29]} f5
{[%clk 0:41:07]} 21. Qd3 {[%clk 0:29:02]} Rc4 {[%clk 0:37:15]} 22. Qe2
{[%clk 0:27:36]} g6 {[%clk 0:34:57]} 23. Rfe1 {[%clk 0:24:39]} Kf7
{[%clk 0:34:36]} 24. Qf1 {[%clk 0:24:26]} Re7 {[%clk 0:29:47]} 25. Qh3
{[%clk 0:22:46]} Ke8 {[%clk 0:25:15]} 26. Re2 {[%clk 0:22:03]} Bc7
{[%clk 0:18:59]} 27. Rce1 {[%clk 0:21:23]} Rc6 {[%clk 0:19:23]} 28. Qh4
{[%clk 0:18:52]} Rf7 {[%clk 0:16:56]} 29. Bf4 {[%clk 0:17:16]} Bd8
{[%clk 0:16:57]} 30. Qh6 {[%clk 0:15:29]} Bf6 {[%clk 0:17:07]} 31. Bg5
{[%clk 0:15:01]} Bh8 {[%clk 0:17:11]} 32. Qh4 {[%clk 0:15:09]} b5
{[%clk 0:11:09]} 33. Qf4 {[%clk 0:11:57]} Rb7 {[%clk 0:08:28]} 34. Qh4
{[%clk 0:11:48]} Rf7 {[%clk 0:08:12]} 35. a3 {[%clk 0:09:39]} a6 {[%clk 0:08:03]}
36. a4 {[%clk 0:09:48]} b4 {[%clk 0:02:53]} 37. cxb4 {[%clk 0:09:58]} Bxd4
{[%clk 0:03:19]} 38. b5 {[%clk 0:08:57]} axb5 {[%clk 0:03:44]} 39. axb5
{[%clk 0:09:25]} Rd6 {[%clk 0:03:02]} 40. Rc2 {[%clk 0:37:36]} e5
{[%clk 0:30:53]} 41. Rec1 {[%clk 0:36:20]} Qf3 {[%clk 0:22:50]} 42. Be3
{[%clk 0:31:13]} g5 {[%clk 0:06:19]} 43. Qxg5 {[%clk 0:29:53]} Bxe3
{[%clk 0:05:07]} 44. Qg8+ {[%clk 0:29:39]} Ke7 {[%clk 0:03:35]} 45. Rc7+
{[%clk 0:29:55]} 1-0

[Event "European Youth Chess Championship B16"]
[Site "Prague, Top Hotel Prague"]
[Date "2012.08.21"]
[Round "5.10"]
[White "Grib, Roman"]
[Black "Tomici, Stefan"]
[Result "1-0"]
[WhiteElo "2309"]
[BlackElo "2177"]
[PlyCount "0"]
[EventDate "2012.08.17"]

1. e4 {[%clk 1:30:57]} e5 {[%clk 1:30:55]} 2. Nf3 {[%clk 1:31:19]} Nc6
{[%clk 1:31:20]} 3. Bc4 {[%clk 1:31:30]} Bc5 {[%clk 1:28:04]} 4. O-O
{[%clk 1:29:25]} d6 {[%clk 1:28:21]} 5. c3 {[%clk 1:29:10]} Nf6 {[%clk 1:24:38]}
6. d3 {[%clk 1:27:35]} a6 {[%clk 1:24:46]} 7. Bb3 {[%clk 1:27:17]} Ba7
{[%clk 1:25:13]} 8. h3 {[%clk 1:25:32]} O-O {[%clk 1:24:29]} 9. Bg5
{[%clk 1:19:10]} h6 {[%clk 1:05:00]} 10. Bh4 {[%clk 1:14:26]} Kh8
{[%clk 0:57:29]} 11. Kh1 {[%clk 1:07:33]} Qe7 {[%clk 0:49:34]} 12. Nbd2
{[%clk 0:47:51]} Rg8 {[%clk 0:46:48]} 13. Nc4 {[%clk 0:36:44]} g5
{[%clk 0:38:06]} 14. Bg3 {[%clk 0:37:10]} g4 {[%clk 0:36:06]} 15. hxg4
{[%clk 0:33:44]} Bxg4 {[%clk 0:21:30]} 16. Bh4 {[%clk 0:24:03]} Rg6
{[%clk 0:20:13]} 17. Ne3 {[%clk 0:23:14]} Qd7 {[%clk 0:18:14]} 18. Nxg4
{[%clk 0:13:20]} Qxg4 {[%clk 0:17:28]} 19. Bxf6+ {[%clk 0:11:28]} Rxf6
{[%clk 0:16:27]} 20. Nh2 {[%clk 0:11:53]} Qg5 {[%clk 0:15:13]} 21. Qg4
{[%clk 0:06:03]} Rg8 {[%clk 0:12:26]} 22. Qxg5 {[%clk 0:05:22]} Rxg5
{[%clk 0:12:35]} 23. Nf3 {[%clk 0:03:00]} Rg7 {[%clk 0:11:29]} 24. Bd1
{[%clk 0:00:57]} Ne7 {[%clk 0:09:07]} 25. g3 {[%clk 0:00:58]} Ng6
{[%clk 0:08:50]} 26. d4 {[%clk 0:00:57]} h5 {[%clk 0:07:59]} 27. Kg2
{[%clk 0:00:47]} Kg8 {[%clk 0:06:48]} 28. Rh1 {[%clk 0:00:59]} h4
{[%clk 0:06:39]} 29. Nxh4 {[%clk 0:01:02]} Nxh4+ {[%clk 0:06:44]} 30. Rxh4
{[%clk 0:01:28]} exd4 {[%clk 0:07:07]} 31. f4 {[%clk 0:01:15]} dxc3
{[%clk 0:06:50]} 32. bxc3 {[%clk 0:01:43]} Rh7 {[%clk 0:07:06]} 33. Rxh7
{[%clk 0:02:00]} Kxh7 {[%clk 0:07:27]} 34. Bg4 {[%clk 0:02:27]} a5
{[%clk 0:06:43]} 35. Rb1 {[%clk 0:02:15]} b6 {[%clk 0:05:47]} 36. Bd7
{[%clk 0:00:47]} Kg7 {[%clk 0:05:38]} 37. Bc6 {[%clk 0:00:39]} Rh6
{[%clk 0:05:45]} 38. a4 {[%clk 0:00:48]} Rh5 {[%clk 0:05:46]} 39. f5
{[%clk 0:00:37]} f6 {[%clk 0:05:46]} 40. Rd1 {[%clk 0:30:39]} Rh7
{[%clk 0:35:28]} 41. g4 {[%clk 0:22:03]} Kh6 {[%clk 0:23:20]} 42. e5
{[%clk 0:05:44]} dxe5 {[%clk 0:19:39]} 43. Rd8 {[%clk 0:05:59]} b5
{[%clk 0:19:36]} 44. Bxb5 {[%clk 0:06:06]} Bc5 {[%clk 0:18:10]} 45. Bc6
{[%clk 0:03:58]} e4 {[%clk 0:16:05]} 46. Bxe4 {[%clk 0:02:24]} Kg5
{[%clk 0:15:19]} 47. Bf3 {[%clk 0:02:16]} Bd6 {[%clk 0:15:18]} 48. Rg8+
{[%clk 0:01:59]} Kf4 {[%clk 0:15:28]} 49. Re8 {[%clk 0:01:51]} Be5
{[%clk 0:15:29]} 50. c4 {[%clk 0:01:24]} Rd7 {[%clk 0:14:37]} 51. Bd5
{[%clk 0:01:40]} Kxg4 {[%clk 0:14:25]} 52. Kf2 {[%clk 0:01:09]} Kf4
{[%clk 0:13:41]} 53. Ke2 {[%clk 0:00:49]} Rh7 {[%clk 0:14:00]} 54. Ra8
{[%clk 0:01:05]} Rh2+ {[%clk 0:14:03]} 55. Kd3 {[%clk 0:00:57]} Rh3+
{[%clk 0:13:34]} 56. Kc2 {[%clk 0:01:10]} Bc3 {[%clk 0:13:18]} 57. Ra7
{[%clk 0:00:56]} c5 {[%clk 0:13:19]} 58. Be6 {[%clk 0:00:53]} Bb4
{[%clk 0:13:28]} 59. Kb2 {[%clk 0:01:04]} Ke5 {[%clk 0:13:04]} 60. Rd7
{[%clk 0:00:55]} Rh2+ {[%clk 0:11:06]} 61. Kb3 {[%clk 0:01:12]} Rh1
{[%clk 0:11:05]} 62. Kb2 {[%clk 0:01:29]} Ke4 {[%clk 0:11:08]} 63. Bd5+
{[%clk 0:01:34]} 1-0